Formula One Race Winners of the 1990s - Statistics

General Stats
  • This quiz has been taken 28 times
  • The average score is 13 of 17
Answer Stats
Wins Teams Nationality Answer % Correct
12 FerrariWilliams French Alain Prost
100%
21 McLaren Brazilian Ayrton Senna
100%
35 BenettonFerrari German Michael Schumacher
100%
14 McLaren Finnish Mika Hakkinen
100%
22 WilliamsJordan British Damon Hill
95%
11 Williams Canadian Jacques Villeneuve
95%
15 FerrariWilliams British Nigel Mansell
90%
6 WilliamsMcLaren British David Coulthard
81%
4 Benetton Brazilian Nelson Piquet
81%
4 Ferrari British Eddie Irvine
76%
5 McLarenFerrari Benetton Austrian Gerhard Berger
71%
3 WilliamsJordan German Heinz-Harald Frentzen
71%
1 Ligier French Olivier Panis
71%
1 Ferrari Italian Jean Alesi
62%
2 Williams Italian Ricardo Patrese
57%
3 BenettonStewart British Johnny Herbert
48%
1 Williams Belgium Thierry Boutsen
48%
No matching quizzes found
Score Distribution
Percent of People with Each Score
Percentile by Number Answered
Your Score History
You have not taken this quiz